[Event "BL 8283 HSK-München 36"]
[Site "?"]
[Date "1983.??.??"]
[Round "?.6"]
[White "Jacoby, G."]
[Black "Enigl, K."]
[Result "1/2-1/2"]
[WhiteElo "2270"]
[BlackElo "2230"]
[PlyCount "69"]
[EventDate "1983.??.??"]

1. Nf3 Nf6 2. c4 e6 3. Nc3 b6 4. d4 Bb4 5. Qc2 Bb7 6. a3 Bxc3+ 7. Qxc3 Ne4 8.
Qc2 f5 9. e3 O-O 10. Be2 d6 11. O-O Nd7 12. b4 Qf6 13. Bb2 Qg6 14. Ne1 Qh6 15.
Nd3 Ndf6 16. Rad1 Ng4 17. h3 Ng5 18. Nf4 Be4 19. Qc3 e5 20. hxg4 exf4 21. exf4
Ne6 22. Rfe1 Nxf4 23. f3 Bb7 24. d5 Rae8 25. Bf1 fxg4 26. fxg4 Qg6 27. Rxe8
Rxe8 28. Re1 Rxe1 29. Qxe1 Qf7 30. Qe4 Bc8 31. g3 Ng6 32. Bd3 Bd7 33. Kg2 Qe7
34. Qxe7 Nxe7 35. Kf3 1/2-1/2

[Event "BL 8283 Lasker-Bayern"]
[Site "?"]
[Date "1983.??.??"]
[Round "?.1"]
[White "Pfleger, He"]
[Black "Wockenfuss, K."]
[Result "1/2-1/2"]
[WhiteElo "2505"]
[BlackElo "2390"]
[PlyCount "93"]
[EventDate "1983.??.??"]

1. c4 c5 2. g3 Nf6 3. Bg2 e6 4. Nf3 Be7 5. O-O O-O 6. Nc3 a6 7. b3 d6 8. Bb2 b6
9. d4 Bb7 10. Qd3 cxd4 11. Nxd4 Qc7 12. Bxb7 Qxb7 13. Rfd1 Nbd7 14. Qf3 Qxf3
15. Nxf3 Rfc8 16. Nd4 g6 17. e4 Rab8 18. f3 Rb7 19. Rd2 Bf8 20. Rad1 Rbc7 21.
Kg2 Bh6 22. f4 Bf8 23. Nf3 e5 24. fxe5 Nxe5 25. Nxe5 dxe5 26. a4 Bc5 27. Kf3
Kg7 28. g4 h6 29. h4 Rc6 30. Nd5 Re6 31. g5 hxg5 32. hxg5 Nh7 33. Kg4 Bd4 34.
Nf4 Re7 35. Bxd4 exd4 36. Rxd4 Re5 37. Nh3 b5 38. Kf4 Rec5 39. axb5 axb5 40.
cxb5 Rxb5 41. Rc4 Re8 42. b4 Ree5 43. Rd7 Nf8 44. Ra7 Ne6+ 45. Ke3 Rb8 46. Nf4
Nxg5 47. Nd3 1/2-1/2

[Event "BL 8283 Lasker-Bayern"]
[Site "?"]
[Date "1983.??.??"]
[Round "?.2"]
[White "Paulsen, D."]
[Black "Kindermann, S."]
[Result "0-1"]
[WhiteElo "2330"]
[BlackElo "2465"]
[PlyCount "72"]
[EventDate "1983.??.??"]

1. e4 c5 2. Nf3 e6 3. b3 a6 4. Bb2 Nc6 5. c4 d6 6. d4 cxd4 7. Nxd4 Bd7 8. Bd3
Nf6 9. O-O Be7 10. Nxc6 Bxc6 11. Nc3 O-O 12. Qe2 Nd7 13. Rad1 Re8 14. f4 Qa5
15. Kh1 Bf6 16. e5 dxe5 17. fxe5 Nxe5 18. Ne4 Be7 19. Bb1 Ng6 20. Qf2 f5 21.
Nd6 Bxd6 22. Rxd6 Rad8 23. Rxd8 Qxd8 24. Qg3 Qe7 25. Re1 Nh4 26. h3 Nxg2 27.
Re5 Nh4+ 28. Kg1 Nf3+ 29. Kf2 Nxe5 30. Qxe5 Rd8 31. Ke2 Rd7 32. Qb8+ Kf7 33.
Qe5 Qg5 34. Bd4 Rxd4 35. Qxd4 Qg2+ 36. Ke1 Qh1+ 0-1

[Event "BL 8283 Lasker-Bayern"]
[Site "?"]
[Date "1983.??.??"]
[Round "?.3"]
[White "Bischoff, K."]
[Black "Grzesik, T."]
[Result "1/2-1/2"]
[WhiteElo "2405"]
[BlackElo "2330"]
[PlyCount "31"]
[EventDate "1983.??.??"]

1. e4 e5 2. Bc4 Nf6 3. d3 c6 4. Nf3 d5 5. Bb3 Bd6 6. Nc3 Bc7 7. Bg5 Be6 8. O-O
d4 9. Bxe6 fxe6 10. Ne2 O-O 11. c3 dxc3 12. bxc3 Nbd7 13. Qc2 Qe8 14. Ng3 Qg6
15. Rad1 Nh5 16. Nxh5 1/2-1/2

[Event "BL 8283 Lasker-Bayern"]
[Site "?"]
[Date "1983.??.??"]
[Round "?.5"]
[White "Klundt, K."]
[Black "Fette, M."]
[Result "1/2-1/2"]
[WhiteElo "2380"]
[BlackElo "2270"]
[PlyCount "48"]
[EventDate "1983.??.??"]

1. e4 c6 2. d4 d5 3. exd5 cxd5 4. c4 Nf6 5. Nc3 Nc6 6. Bg5 Qa5 7. Nf3 Bg4 8.
cxd5 Nxd5 9. Bd2 e6 10. Bc4 Bb4 11. Bxd5 exd5 12. O-O O-O 13. a3 Be7 14. h3 Bh5
15. Re1 Bf6 16. Ne4 Qd8 17. Nxf6+ Qxf6 18. g4 Bg6 19. Bg5 Qd6 20. Ne5 Rae8 21.
Nxc6 bxc6 22. Qd2 Re4 23. Kg2 f6 24. Bh4 Qf4 1/2-1/2

[Event "BL 8283 München 36-Lasker"]
[Site "?"]
[Date "1983.??.??"]
[Round "?.1"]
[White "Wockenfuss, K."]
[Black "Unzicker, W."]
[Result "1/2-1/2"]
[WhiteElo "2390"]
[BlackElo "2465"]
[PlyCount "49"]
[EventDate "1983.??.??"]

1. d4 Nf6 2. c4 e6 3. Nc3 Bb4 4. g3 c5 5. Nf3 Ne4 6. Qd3 cxd4 7. Nxd4 Qa5 8.
Nb3 Qf5 9. Qe3 Nxc3 10. bxc3 Be7 11. Bg2 O-O 12. O-O Nc6 13. c5 Rb8 14. Qf4
Qxf4 15. Bxf4 e5 16. Be3 b6 17. Rfd1 Rd8 18. Rd2 bxc5 19. Bxc5 Bxc5 20. Nxc5
Rb5 21. Nb3 Na5 22. Nxa5 Rxa5 23. Rb1 Kf8 24. f4 Ba6 25. Kf2 1/2-1/2

[Event "BL 8283 München 36-Lasker"]
[Site "?"]
[Date "1983.??.??"]
[Round "?.2"]
[White "Robatsch, K."]
[Black "Paulsen, D."]
[Result "1/2-1/2"]
[WhiteElo "2410"]
[BlackElo "2330"]
[PlyCount "114"]
[EventDate "1983.??.??"]

1. c4 e5 2. Nc3 Nc6 3. e3 g6 4. d4 d6 5. Nf3 Bg7 6. Be2 Bg4 7. d5 Nce7 8. O-O
h6 9. e4 Bxf3 10. Bxf3 f5 11. c5 a6 12. Qb3 Rb8 13. Be3 f4 14. cxd6 cxd6 15.
Ba7 Ra8 16. Bb6 Qd7 17. Rfc1 Nf6 18. Na4 Rc8 19. Ba5 g5 20. Nb6 Rxc1+ 21. Rxc1
Qb5 22. Qxb5+ axb5 23. Rc7 g4 24. Be2 Nxe4 25. Bxg4 Nc5 26. b4 Na4 27. Bh5+ Kf8
28. Nxa4 bxa4 29. Rxb7 Nxd5 30. b5 e4 31. b6 Bd4 32. Rf7+ Kg8 33. b7 Ba7 34.
Rf5 Ne7 35. Rxf4 Nc6 36. Rg4+ Kf8 37. Bc7 Ke7 38. Rg7+ Ke6 39. Rg6+ Kd5 40.
Rxd6+ Kc5 41. Rd7 Bb8 42. Bxb8 Rxb8 43. Bf7 Kb6 44. Bd5 Nb4 45. Bxe4 Nxa2 46.
Bc2 a3 47. Bb3 Nc1 48. Bd5 a2 49. Bxa2 Nxa2 50. Rd6+ Kxb7 51. Rxh6 Re8 52. g4
Nb4 53. Kg2 Kc7 54. h4 Kd7 55. h5 Ke7 56. Kg3 Kf7 57. Rd6 Rc8 1/2-1/2

[Event "BL 8283 München 36-Lasker"]
[Site "?"]
[Date "1983.??.??"]
[Round "?.3"]
[White "Grzesik, T."]
[Black "Bastian, H."]
[Result "1-0"]
[WhiteElo "2330"]
[BlackElo "2360"]
[PlyCount "59"]
[EventDate "1983.??.??"]

1. e4 g6 2. d4 Bg7 3. Nc3 d6 4. f4 Nf6 5. Nf3 O-O 6. Be3 Nc6 7. Qd2 e5 8. dxe5
dxe5 9. Qxd8 Rxd8 10. fxe5 Ng4 11. Bg5 Re8 12. Nd5 Bxe5 13. Bd3 Bxb2 14. Rb1
Be6 15. O-O Ba3 16. Nxc7 Bc5+ 17. Kh1 Nf2+ 18. Rxf2 Bxf2 19. Nxe8 Rxe8 20. Rxb7
Bxa2 21. g3 Bb6 22. Bb5 Rc8 23. Bf6 Na5 24. Re7 Be6 25. Bd7 Bxd7 26. Rxd7 Rc6
27. e5 h6 28. Nd4 Rc8 29. e6 fxe6 30. Rg7+ 1-0

[Event "BL 8283 Bayern-HSK"]
[Site "?"]
[Date "1983.??.??"]
[Round "?.1"]
[White "Huebner, R."]
[Black "Pfleger, He"]
[Result "1-0"]
[WhiteElo "2630"]
[BlackElo "2505"]
[PlyCount "89"]
[EventDate "1983.??.??"]

1. e4 d6 2. d4 Nf6 3. Nc3 g6 4. Bg5 h6 5. Be3 Bg7 6. f3 Nbd7 7. Qd2 e5 8. O-O-O
c6 9. Nh3 Qc7 10. Nf2 Nb6 11. dxe5 dxe5 12. b3 Be6 13. Kb2 Nfd7 14. a4 a5 15.
g3 O-O-O 16. Bh3 Nc5 17. Qe2 Nbd7 18. Bxe6 Nxe6 19. Nd3 f5 20. Nb1 Nf6 21. Nd2
h5 22. Nc4 fxe4 23. fxe4 Nd4 24. Bxd4 exd4 25. Rde1 Kb8 26. Qd2 Rhe8 27. e5 Ng4
28. Qg5 b5 29. axb5 cxb5 30. Nd6 Rxe5 31. Nxe5 d3 32. c3 Rxd6 33. Nc4 bxc4 34.
Re8+ Ka7 35. Re7 Rd7 36. Rxd7 Qxd7 37. Qxa5+ Kb7 38. Ra1 Bd4 39. Ra4 Ne3 40.
cxd4 Qxd4+ 41. Ka2 d2 42. Qa8+ Kc7 43. Ra7+ Qxa7+ 44. Qxa7+ Kc6 45. Qa4+ 1-0

[Event "BL 8283 Bayern-HSK"]
[Site "?"]
[Date "1983.??.??"]
[Round "?.2"]
[White "Kindermann, S."]
[Black "Chandler, M."]
[Result "0-1"]
[WhiteElo "2465"]
[BlackElo "2505"]
[PlyCount "101"]
[EventDate "1983.??.??"]

1. e4 c5 2. Nf3 d6 3. d4 Nf6 4. Nc3 cxd4 5. Nxd4 a6 6. f4 e5 7. Nf3 Nbd7 8. a4
Be7 9. Bc4 O-O 10. O-O Qb6+ 11. Kh1 exf4 12. Bd5 Ng4 13. Nd4 Bf6 14. Qxg4 Bxd4
15. Qxf4 Nf6 16. a5 Qc7 17. Qg3 Be5 18. Qd3 Be6 19. Be3 Rac8 20. Bb6 Qe7 21.
Bd4 Bxd5 22. exd5 Bxd4 23. Qxd4 Rfe8 24. h3 Qe5 25. Qxe5 Rxe5 26. Rfe1 Rxe1+
27. Rxe1 Kf8 28. Ra1 Rc5 29. Ra4 Nxd5 30. Nxd5 Rxd5 31. c4 Rc5 32. Rb4 Rc7 33.
Rb6 Ke7 34. b4 Rxc4 35. Rxb7+ Ke6 36. Kg1 h5 37. Kf2 g5 38. Ke3 d5 39. Kd3 h4
40. Ke3 f6 41. Rb6+ Ke5 42. Kf3 f5 43. Ke3 g4 44. hxg4 fxg4 45. Rxa6 Rxb4 46.
Rh6 d4+ 47. Ke2 Rb2+ 48. Kd3 Rxg2 49. Rxh4 Rg3+ 50. Ke2 Kf4 51. Rh6 0-1

[Event "BL 8283 Bayern-HSK"]
[Site "?"]
[Date "1983.??.??"]
[Round "?.3"]
[White "Reefschlaeger, H."]
[Black "Bischoff, K."]
[Result "0-1"]
[WhiteElo "2380"]
[BlackElo "2405"]
[PlyCount "78"]
[EventDate "1983.??.??"]

1. d4 g6 2. Nf3 Bg7 3. c4 d6 4. g3 f5 5. Bg2 Nf6 6. O-O O-O 7. d5 c6 8. Nd4 Qb6
9. e3 Bd7 10. Nc3 Na6 11. Rb1 Nc5 12. b4 Nce4 13. Na4 Qc7 14. f3 Ng5 15. e4 Nf7
16. Ne6 Bxe6 17. dxe6 Nd8 18. exf5 gxf5 19. Re1 Ne8 20. g4 b5 21. Nb2 bxc4 22.
Nxc4 d5 23. Ne3 Nd6 24. f4 Rb8 25. Nxf5 Nxf5 26. gxf5 Nb7 27. Qg4 Kh8 28. Rb3
Rg8 29. Qh5 Bf6 30. Kh1 Rg7 31. Rg3 Rbg8 32. Rxg7 Rxg7 33. Be3 Nd6 34. Rg1 d4
35. Bc1 c5 36. bxc5 Qxc5 37. Bd2 d3 38. Qf3 Nxf5 39. Qxd3 Ng3+ 0-1

[Event "BL 8283 Bayern-HSK"]
[Site "?"]
[Date "1983.??.??"]
[Round "?.4"]
[White "Calvo Minguez, R."]
[Black "Cordes, H."]
[Result "1-0"]
[WhiteElo "2420"]
[BlackElo "2280"]
[PlyCount "73"]
[EventDate "1983.??.??"]

1. e4 c5 2. Nf3 e6 3. Nc3 Nf6 4. e5 Nd5 5. Ne4 f5 6. Nc3 Nxc3 7. dxc3 d5 8.
exd6 Qxd6 9. Bb5+ Bd7 10. Qe2 Bxb5 11. Qxb5+ Qc6 12. Qe2 Nd7 13. O-O Be7 14.
Re1 O-O-O 15. Qxe6 Qxe6 16. Rxe6 Bf6 17. Bg5 Rhe8 18. Rxe8 Rxe8 19. Kf1 Bxg5
20. Nxg5 h6 21. Nf7 Kc7 22. Re1 Rxe1+ 23. Kxe1 Nb6 24. b3 Nd5 25. Kd2 b5 26. g3
a5 27. a3 Nf6 28. f3 Kc6 29. Ne5+ Kd5 30. Ng6 Nd7 31. Ne7+ Ke6 32. Nc6 Kd6 33.
Nxa5 Kc7 34. c4 Kb6 35. b4 Ne5 36. Ke3 g5 37. h3 1-0

[Event "BL 8283 Bayern-HSK"]
[Site "?"]
[Date "1983.??.??"]
[Round "?.5"]
[White "Gruenberg, Ra"]
[Black "Klundt, K."]
[Result "0-1"]
[WhiteElo "2315"]
[BlackElo "2380"]
[PlyCount "54"]
[EventDate "1983.??.??"]

1. c4 c5 2. Nf3 Nf6 3. Nc3 Nc6 4. e3 e6 5. Be2 d5 6. cxd5 exd5 7. d4 Be7 8. O-O
O-O 9. b3 Bg4 10. dxc5 Bxc5 11. Bb2 Re8 12. h3 Be6 13. Rc1 Qe7 14. Nb5 Ne4 15.
Nfd4 Rad8 16. Bf3 Bb6 17. Rxc6 bxc6 18. Nxc6 Qg5 19. Nxd8 Rxd8 20. Bg4 f5 21.
Bf3 f4 22. Nd4 Bxh3 23. exf4 Qxf4 24. Qc1 Nd2 25. Rd1 Nxf3+ 26. Nxf3 Qg3 27.
Qg5 Bxf2+ 0-1

[Event "BL 8283 Bayern-HSK"]
[Site "?"]
[Date "1983.??.??"]
[Round "?.6"]
[White "Saacke, B."]
[Black "Jacoby, G."]
[Result "1/2-1/2"]
[WhiteElo "2380"]
[BlackElo "2270"]
[PlyCount "32"]
[EventDate "1983.??.??"]

1. d4 Nf6 2. Nf3 c5 3. e3 d5 4. c4 cxd4 5. exd4 g6 6. Nc3 Bg7 7. cxd5 Nxd5 8.
Bc4 Nxc3 9. bxc3 O-O 10. O-O Nc6 11. Qe2 Qc7 12. Bb3 Na5 13. Bb2 Bg4 14. h3
Bxf3 15. Qxf3 Nxb3 16. axb3 e5 1/2-1/2

[Event "BL 8283 Bayern-HSK"]
[Site "?"]
[Date "1983.??.??"]
[Round "?.7"]
[White "Hess, C."]
[Black "Schubert, C."]
[Result "1/2-1/2"]
[WhiteElo "2235"]
[BlackElo "2255"]
[PlyCount "100"]
[EventDate "1983.??.??"]

1. d4 Nf6 2. c4 g6 3. Nc3 Bg7 4. e4 d6 5. Nf3 O-O 6. Be2 e5 7. Be3 Nc6 8. d5
Ne7 9. Nd2 Ne8 10. c5 f5 11. f3 fxe4 12. fxe4 c6 13. Nf3 cxd5 14. Nxd5 Be6 15.
Bc4 Kh8 16. O-O Nxd5 17. Bxd5 Bxd5 18. Qxd5 dxc5 19. Qxd8 Rxd8 20. Bxc5 Rf4 21.
g3 Rf7 22. Bxa7 Ra8 23. Bc5 Rc7 24. Ba3 Nf6 25. Bd6 Rc2 26. Bxe5 Nxe4 27. Rac1
Rac8 28. Rxc2 Rxc2 29. Bxg7+ Kxg7 30. Re1 Nd6 31. Re7+ Kf6 32. Re6+ Kxe6 33.
Nd4+ Kd5 34. Nxc2 Ke4 35. Kf2 h5 36. Ke2 g5 37. a4 b6 38. b4 Nc4 39. Ne1 Kd4
40. a5 bxa5 41. bxa5 Nxa5 42. Nf3+ Ke4 43. Nxg5+ Kf5 44. Nh3 Nc6 45. Nf2 Ne5
46. Nd3 Nxd3 47. Kxd3 h4 48. Ke3 hxg3 49. hxg3 Kg4 50. Kf2 Kf5 1/2-1/2

[Event "BL 8283 Bochum-Frankfurt"]
[Site "?"]
[Date "1983.??.??"]
[Round "?.1"]
[White "Lobron, E."]
[Black "Schussler, H."]
[Result "1-0"]
[WhiteElo "2470"]
[BlackElo "2495"]
[PlyCount "69"]
[EventDate "1983.??.??"]

1. e4 e5 2. Nf3 Nf6 3. Nxe5 d6 4. Nf3 Nxe4 5. d4 d5 6. Bd3 Be7 7. O-O Nc6 8.
Re1 Bf5 9. c4 Nb4 10. Bf1 O-O 11. a3 Nc6 12. cxd5 Qxd5 13. Nc3 Nxc3 14. bxc3
Qd6 15. a4 Rfe8 16. Qb3 b6 17. Ba3 Qf6 18. Bxe7 Rxe7 19. Rxe7 Qxe7 20. Re1 Qf6
21. Qd5 Rd8 22. Nd2 g6 23. Qf3 Kg7 24. Nc4 Bc2 25. Qg3 Rd7 26. Ne3 Bxa4 27. d5
Nb8 28. Ng4 Qg5 29. h4 Qf5 30. Re5 Qc2 31. Qf4 Rd6 32. Re7 Qf5 33. Qxa4 Qxd5
34. Qf4 Rd8 35. Qh6+ 1-0

[Event "BL 8283 Bochum-Frankfurt"]
[Site "?"]
[Date "1983.??.??"]
[Round "?.2"]
[White "Borik, O."]
[Black "Podzielny, K."]
[Result "0-1"]
[WhiteElo "2380"]
[BlackElo "2405"]
[PlyCount "62"]
[EventDate "1983.??.??"]

1. d4 Nf6 2. c4 c5 3. d5 e6 4. Nc3 exd5 5. cxd5 d6 6. e4 g6 7. f4 Bg7 8. Bb5+
Nfd7 9. Be2 O-O 10. Nf3 Re8 11. O-O a6 12. a4 Qc7 13. Kh1 c4 14. Ra3 Nc5 15. e5
Bf5 16. Bxc4 Nbd7 17. Nd4 Nb6 18. Nxf5 gxf5 19. Ba2 dxe5 20. d6 Qc6 21. Qh5 Ne6
22. fxe5 Nc4 23. Qxf5 Nxa3 24. Nd5 Qc2 25. Qxf7+ Kh8 26. Ne3 Qe2 27. Rg1 Ng5
28. Qf1 Qxf1 29. Rxf1 Rxe5 30. bxa3 Ne4 31. Nf5 Nf2+ 0-1

[Event "BL 8283 Bochum-Frankfurt"]
[Site "?"]
[Date "1983.??.??"]
[Round "?.3"]
[White "Werner, D."]
[Black "Budde, V."]
[Result "1-0"]
[WhiteElo "2340"]
[BlackElo "2335"]
[PlyCount "104"]
[EventDate "1983.??.??"]

1. Nf3 Nf6 2. g3 g6 3. c4 Bg7 4. d4 d5 5. cxd5 Nxd5 6. Bg2 O-O 7. O-O Nb6 8.
Nc3 Nc6 9. d5 Bxc3 10. bxc3 Qxd5 11. Nd4 Qc4 12. Nxc6 bxc6 13. Bh6 Re8 14. Qd4
Qxd4 15. cxd4 Bd7 16. Rfc1 Nd5 17. e4 Nb6 18. Bf4 Rac8 19. a4 Rb8 20. Bxc7 Rbc8
21. Bf4 Be6 22. a5 Nc4 23. Bf1 Nd6 24. f3 Bd7 25. Ba6 Rcd8 26. Rab1 Nb5 27. Rb4
Bc8 28. Bxc8 Rxc8 29. d5 a6 30. Rbc4 c5 31. Rxc5 Rxc5 32. Rxc5 Ra8 33. Kf2 Kf8
34. Ke3 Ke8 35. Kd3 Kd7 36. Kc4 Nd6+ 37. Bxd6 exd6 38. Rc6 g5 39. Kd4 f6 40.
Rb6 Kc7 41. Ke3 Rd8 42. Rxa6 Kb7 43. Rc6 Rd7 44. f4 Kb8 45. Kd4 gxf4 46. gxf4
h5 47. h4 Kb7 48. a6+ Ka7 49. Rc8 Rf7 50. Rd8 Kxa6 51. Rxd6+ Kb7 52. Rd8 Rg7
1-0

[Event "BL 8283 Bochum-Frankfurt"]
[Site "?"]
[Date "1983.??.??"]
[Round "?.4"]
[White "Bachmann, K."]
[Black "Haakert, J."]
[Result "1-0"]
[WhiteElo "2295"]
[BlackElo "2305"]
[PlyCount "109"]
[EventDate "1983.??.??"]

1. Nf3 Nf6 2. c4 d6 3. d4 Nbd7 4. Nc3 c6 5. e4 e5 6. Be2 a6 7. O-O b5 8. a3 Be7
9. Re1 O-O 10. h3 Bb7 11. Bf1 Re8 12. Bg5 Qb8 13. Qd2 h6 14. Bh4 Bf8 15. Bg3
Qa7 16. cxb5 axb5 17. b4 Nh5 18. Bh2 exd4 19. Nxd4 g6 20. Nb3 Rad8 21. Na5 Ba8
22. Rac1 Re6 23. Kh1 Rde8 24. f3 Bg7 25. g4 Nhf6 26. Bxd6 Ne5 27. Bc5 Qb8 28.
Qg2 Nfd7 29. Nb3 Nc4 30. Bd4 Bf8 31. Bxc4 bxc4 32. Nc5 Nxc5 33. Bxc5 Bxc5 34.
bxc5 Qa7 35. Qf2 Qxa3 36. Qd4 Re5 37. Ra1 Qxc5 38. Qxc5 Rxc5 39. Ra7 Rd8 40.
Rea1 Rd3 41. Rxa8+ Kg7 42. R8a3 Rxf3 43. Kg2 Rd3 44. Rd1 f5 45. Rxd3 cxd3 46.
Kf3 h5 47. g5 d2 48. Ke2 fxe4 49. Nxe4 Rd5 50. Ra7+ Kf8 51. Kd1 Rd3 52. Rc7 Re3
53. Nf6 Rxh3 54. Kxd2 Rf3 55. Rxc6 {.../64/} 1-0

[Event "BL 8283 Bochum-Frankfurt"]
[Site "?"]
[Date "1983.??.??"]
[Round "?.5"]
[White "Bialas, W."]
[Black "Heinbuch, D."]
[Result "1/2-1/2"]
[WhiteElo "2345"]
[BlackElo "2285"]
[PlyCount "82"]
[EventDate "1983.??.??"]

1. Nf3 c5 2. c4 Nf6 3. g3 b6 4. Bg2 Bb7 5. b3 e6 6. O-O Be7 7. Bb2 d6 8. e3 O-O
9. Nc3 a6 10. Qe2 Qc7 11. Rac1 Nbd7 12. d4 Ne4 13. Rfd1 Rad8 14. Ne1 Nxc3 15.
Bxc3 Bxg2 16. Nxg2 Qb7 17. d5 e5 18. e4 g6 19. h4 Qc8 20. f4 exf4 21. gxf4 Bf6
22. Qb2 Bxc3 23. Rxc3 Nf6 24. Re1 Qg4 25. Rce3 Nh5 26. Qf2 f6 27. Qe2 Qd7 28.
f5 Rde8 29. Rf1 Re5 30. fxg6 hxg6 31. Nf4 Nxf4 32. Rxf4 Rf7 33. Rg3 g5 34. Qf3
Qe7 35. Rf5 Rg7 36. hxg5 fxg5 37. Rg4 Kh7 38. Rxe5 Qxe5 39. Qf5+ Qxf5 40. exf5
Rf7 41. Rxg5 Rg7 1/2-1/2

[Event "BL 8283 Bochum-Frankfurt"]
[Site "?"]
[Date "1983.??.??"]
[Round "?.7"]
[White "Fahnenschmidt, G."]
[Black "Beckemeyer, W."]
[Result "1-0"]
[WhiteElo "2355"]
[BlackElo "2280"]
[PlyCount "73"]
[EventDate "1983.??.??"]

1. d4 Nf6 2. c4 g6 3. Nc3 Bg7 4. e4 d6 5. f3 Nc6 6. Bg5 Rb8 7. Qd2 e5 8. dxe5
Nxe5 9. f4 Ned7 10. O-O-O h6 11. Bh4 g5 12. fxg5 Ng4 13. Nf3 hxg5 14. Bxg5 f6
15. Bf4 Nde5 16. c5 Ng6 17. g3 Nxf4 18. gxf4 Bh6 19. Kb1 Qe7 20. cxd6 Qxd6 21.
Bb5+ Kf8 22. Qe2 Qxf4 23. Rd8+ Kg7 24. Nd5 Rxd8 25. Nxf4 Bxf4 26. Rg1 Kf8 27.
h3 Ne3 28. Nh4 Kf7 29. Qh5+ Ke6 30. Bc4+ Nxc4 31. Qf5+ Kf7 32. Qxf4 Rd6 33. Qh6
Bd7 34. Qh7+ Ke6 35. Nf5 Nd2+ 36. Ka1 Nxe4 37. Re1 1-0

[Event "BL 8283 Solingen-Kettig"]
[Site "?"]
[Date "1983.??.??"]
[Round "?.1"]
[White "Weidemann, J."]
[Black "Spassky, B."]
[Result "1-0"]
[WhiteElo "2285"]
[BlackElo "2610"]
[PlyCount "115"]
[EventDate "1983.??.??"]

1. e4 b6 2. d4 Bb7 3. Bd3 g6 4. Nf3 Bg7 5. O-O d6 6. Re1 Nd7 7. Bf4 e5 8. Bg5
f6 9. Bd2 Nh6 10. Bc4 Nf7 11. Qc1 O-O 12. dxe5 Ndxe5 13. Nxe5 fxe5 14. Nc3 Kh8
15. a4 c6 16. Re3 d5 17. exd5 Nd6 18. dxc6 Bxc6 19. Bf1 e4 20. Nb5 Nf5 21. Rc3
Qd7 22. Qe1 a6 23. Na3 Bxa4 24. Nc4 Bd4 25. Bf4 Qg7 26. Rh3 Bxc2 27. Rc1 Ba4
28. Qxe4 Rae8 29. Qd3 Bb5 30. Qd2 Kg8 31. b3 h6 32. Ne3 Bxf1 33. Rxf1 g5 34.
Nxf5 Rxf5 35. Be3 Rd5 36. Bxd4 Rxd4 37. Rd3 Rde4 38. Rd8 Qf7 39. Rxe8+ Qxe8 40.
h3 Kh7 41. Rc1 Qe6 42. Qd3 Kg7 43. Qxa6 Re1+ 44. Rxe1 Qxe1+ 45. Qf1 Qc3 46. Qb5
Qe1+ 47. Qf1 Qc3 48. Qd1 Qb4 49. g3 Kf6 50. Qd3 Qc5 51. Kg2 Kg7 52. Qe4 b5 53.
b4 Qb6 54. h4 gxh4 55. Qg4+ Kf6 56. Qxh4+ Ke5 57. f3 Qa6 58. Qf4+ 1-0

[Event "BL 8283 Frankfurt-Solingen"]
[Site "?"]
[Date "1983.??.??"]
[Round "?.1"]
[White "Spassky, B."]
[Black "Lobron, E."]
[Result "1/2-1/2"]
[WhiteElo "2610"]
[BlackElo "2470"]
[PlyCount "100"]
[EventDate "1983.??.??"]

1. e4 c5 2. Nc3 Nc6 3. g3 g6 4. Bg2 Bg7 5. d3 d6 6. f4 e6 7. Nf3 Nge7 8. O-O
O-O 9. Bd2 Bd7 10. Rb1 Rc8 11. Kh1 Nd4 12. Ne2 Nxf3 13. Bxf3 Bc6 14. g4 f5 15.
gxf5 exf5 16. c4 Qd7 17. Qc2 Rce8 18. Nc3 fxe4 19. dxe4 Bh6 20. Bg2 Qg4 21. Qd1
Qh4 22. Be1 Qf6 23. Bg3 Bg7 24. Nb5 Nc8 25. Qd3 Qe6 26. Rbe1 Bxb5 27. cxb5 Qxa2
28. e5 Qxb2 29. Bxb7 dxe5 30. fxe5 Rxf1+ 31. Rxf1 Nb6 32. e6 Bf6 33. Bc6 Rf8
34. Qd6 Nc8 35. Qxc5 Be7 36. Rxf8+ Bxf8 37. Qe3 Qf6 38. Kg2 Be7 39. Bd7 Nb6 40.
Qe4 Bc5 41. Bc6 Be7 42. Be8 Kf8 43. Bc6 Kg8 44. Bd7 h5 45. h4 Kh7 46. Be8 Nc8
47. Bd7 Nd6 48. Qe5 Qxe5 49. Bxe5 Nf5 50. Bb8 Bc5 1/2-1/2

[Event "BL 8283 Frankfurt-Solingen"]
[Site "?"]
[Date "1983.??.??"]
[Round "?.3"]
[White "Hecht, H."]
[Black "Werner, D."]
[Result "1-0"]
[WhiteElo "2455"]
[BlackElo "2340"]
[PlyCount "137"]
[EventDate "1983.??.??"]

1. Nf3 g6 2. e4 c5 3. c3 Nf6 4. e5 Nd5 5. d4 cxd4 6. Qxd4 Nc7 7. Bc4 Bg7 8. Qh4
h6 9. Nbd2 Nc6 10. Qg3 d5 11. exd6 Qxd6 12. Qxd6 exd6 13. O-O O-O 14. Nb3 d5
15. Be2 Bg4 16. h3 Bxf3 17. Bxf3 Rfd8 18. Rd1 Ne5 19. Be2 Ne6 20. Be3 Nc4 21.
Bxc4 dxc4 22. Na5 Rdc8 23. Nxb7 Rab8 24. Nd6 Rc6 25. Rab1 a6 26. Ne4 f5 27. Rd6
Rbc8 28. Rxc6 Rxc6 29. Nd2 Kf7 30. Nf3 Rd6 31. Nd2 Rc6 32. Kf1 a5 33. f3 a4 34.
Rc1 h5 35. Ke2 Be5 36. Nb1 Bf4 37. Na3 Be5 38. Rd1 Kf6 39. Rd5 Nf4+ 40. Bxf4
Bxf4 41. Rd4 Re6+ 42. Kd1 Bg3 43. Nxc4 Re1+ 44. Kc2 Rg1 45. Rd2 Bf4 46. Re2
Rc1+ 47. Kd3 Rd1+ 48. Kc2 Rc1+ 49. Kd3 Rd1+ 50. Nd2 Ra1 51. a3 Rc1 52. b4 Be5
53. Kc4 Bxc3 54. Kb5 Kg5 55. Kxa4 Kh4 56. Nb3 Rd1 57. b5 Rd8 58. b6 Ra8+ 59.
Kb5 Rxa3 60. Kc4 Ra6 61. Re6 Be1 62. Nc5 Ra1 63. b7 Bg3 64. Rxg6 Rb1 65. Rxg3
Rxb7 66. Nxb7 Kxg3 67. Kd3 Kxg2 68. Ke3 Kxh3 69. Nd6 1-0

[Event "BL 8283 Frankfurt-Solingen"]
[Site "?"]
[Date "1983.??.??"]
[Round "?.4"]
[White "Haakert, J."]
[Black "Lau, R."]
[Result "1/2-1/2"]
[WhiteElo "2305"]
[BlackElo "2415"]
[PlyCount "22"]
[EventDate "1983.??.??"]

1. g3 Nf6 2. Bg2 d5 3. d3 g6 4. Nf3 Bg7 5. O-O O-O 6. Nc3 c5 7. a3 b6 8. Rb1
Bb7 9. Nd2 Qd7 10. e4 dxe4 11. Ndxe4 Nc6 1/2-1/2

[Event "BL 8283 Frankfurt-Solingen"]
[Site "?"]
[Date "1983.??.??"]
[Round "?.5"]
[White "Borngaesser, R."]
[Black "Bialas, W."]
[Result "1-0"]
[WhiteElo "2320"]
[BlackElo "2345"]
[PlyCount "165"]
[EventDate "1983.??.??"]

1. e4 g6 2. d4 Bg7 3. Nf3 d6 4. Bc4 a6 5. a4 Nc6 6. h3 Nf6 7. Qe2 d5 8. exd5
Nxd5 9. c3 O-O 10. O-O Re8 11. Ne5 Nxe5 12. dxe5 Be6 13. Nd2 f6 14. Nf3 Kh8 15.
Re1 c5 16. Qe4 Qd7 17. a5 Nc7 18. Be3 Qc6 19. Qxc6 bxc6 20. Ra4 Rab8 21. Re2
fxe5 22. Bxc5 Bxc4 23. Rxc4 Nd5 24. g3 Kg8 25. b4 e4 26. Nd4 Rbc8 27. Rxe4 e5
28. Nf3 Rcd8 29. Kg2 h6 30. h4 Rd7 31. Be3 Rd6 32. Bd2 Rde6 33. Be1 R8e7 34.
Nd2 Nf6 35. Re2 e4 36. Nf1 Nd5 37. Ne3 Nxe3+ 38. Rxe3 Re8 39. Bd2 Rd8 40. Be1
Rde8 41. Rc5 Bf8 42. Rc4 Bg7 43. Kf1 R8e7 44. Rc5 Re8 45. Ke2 Bf8 46. Rc4 Bg7
47. Bd2 R8e7 48. f3 exf3+ 49. Kxf3 Be5 50. Kg2 Bg7 51. Rxe6 Rxe6 52. Kf3 Rd6
53. Ke2 Kf7 54. Re4 Bf8 55. g4 Be7 56. Bxh6 Bxh4 57. Bf4 Re6 58. Rxe6 Kxe6 59.
c4 Kd7 60. Kd3 Be7 61. Kc3 Kc8 62. Kb3 Kb7 63. Ka4 Bf6 64. Bd2 Be5 65. b5 cxb5+
66. cxb5 Bc7 67. Kb4 Bd6+ 68. Kc4 Be7 69. Be1 Bd8 70. Bc3 Bh4 71. Bb4 Bg3 72.
Bd2 Bf2 73. bxa6+ Kxa6 74. Kd5 Bh4 75. Ke6 Bd8 76. Kf7 g5 77. Kg6 Kb5 78. Kf5
Ka6 79. Bxg5 Bxa5 80. Bf4 Bb4 81. g5 Be7 82. g6 Bf8 83. Kf6 1-0

[Event "BL 8283 Frankfurt-Solingen"]
[Site "?"]
[Date "1983.??.??"]
[Round "?.6"]
[White "Steinbacher, M."]
[Black "Dueball, J."]
[Result "0-1"]
[WhiteElo "2265"]
[BlackElo "2455"]
[PlyCount "108"]
[EventDate "1983.??.??"]

1. c4 e5 2. Nc3 Nf6 3. Nf3 d6 4. d4 Nbd7 5. g3 g6 6. Bg2 Bg7 7. O-O O-O 8. b3
Re8 9. e3 c6 10. Bb2 exd4 11. Qxd4 Ne4 12. Qxg7+ Kxg7 13. Nxe4+ f6 14. Nxd6 Re6
15. Rad1 Qc7 16. Nxc8 Rxc8 17. Bh3 Re7 18. Rd2 Rce8 19. Rfd1 Nc5 20. Ng5 h6 21.
b4 hxg5 22. bxc5 Qa5 23. Rd6 Rf8 24. Bd4 Qxa2 25. Ra1 Qxc4 26. Rxa7 Qc1+ 27.
Kg2 Qc2 28. Bg4 Kh6 29. Bf3 Ref7 30. Ra3 f5 31. Rc3 Qb1 32. Be2 g4 33. Ra3 Kh7
34. Re6 Rd8 35. Ra7 Qb3 36. Re5 Rxd4 37. exd4 Qb4 38. Ra8 Qxd4 39. Rae8 f4 40.
f3 gxf3+ 41. Bxf3 fxg3 42. hxg3 Qd2+ 43. Be2 Qd4 44. Bf3 Qd2+ 45. Be2 Qe1 46.
Bf3 Qc1 47. R8e6 Kg7 48. Re8 Qd2+ 49. Be2 Qc1 50. Bf3 Qd2+ 51. Be2 Rf5 52.
R5e7+ Kh6 53. Kh3 Qe1 54. Bf3 Qf1+ 0-1